00421nam a22001337a 4500082001600000100002900016245011500045264004400160300001900204520001100223650001800234650001400252700002100266 a621.40bKAS aKashif Mushtaq (328962) aUtilizing Evaporative Cooling for Efficient Thermal Management of Lithium-Ion Batteries in Electric Vehicles / aIslamabad :bUSPCAS-E, NUSTcMAY, 2024. axv, 63 p.e+CD aTH-572 aMS TEE Thesis aMS Thesis aDr. Adeel Waqas